[Event "Tournament"]
[Site "?"]
[Date "2015.01.08"]
[Round "1.1"]
[White "Bernadskiy, Vitaliy"]
[Black "Matviishen, Viktor"]
[Result "1-0"]
[LiveChessVersion "1.4.4"]
[BlackElo "2364"]
[WhiteElo "2556"]

1. Nf3 {[%clk 1:30:57]} Nf6 {[%clk 1:30:48]} 2. g3 {[%clk 1:31:23]} b5
{[%clk 1:30:59]} 3. Bg2 {[%clk 1:31:49]} Bb7 {[%clk 1:31:20]} 4. Na3
{[%clk 1:31:42]} a6 {[%clk 1:30:25]} 5. c4 {[%clk 1:31:54]} b4 {[%clk 1:29:56]}
6. Nc2 {[%clk 1:32:20]} a5 {[%clk 1:26:41]} 7. O-O {[%clk 1:32:45]} e6
{[%clk 1:26:49]} 8. d3 {[%clk 1:32:45]} d6 {[%clk 1:26:05]} 9. e4
{[%clk 1:33:04]} Nbd7 {[%clk 1:26:24]} 10. Ng5 {[%clk 1:32:22]} g6
{[%clk 1:12:38]} 11. f4 {[%clk 1:31:36]} h6 {[%clk 1:12:02]} 12. Nf3
{[%clk 1:30:27]} Bg7 {[%clk 1:07:26]} 13. e5 {[%clk 1:28:35]} Ng8
{[%clk 1:07:23]} 14. d4 {[%clk 1:25:31]} Ne7 {[%clk 1:00:41]} 15. a3
{[%clk 1:20:07]} Nb6 {[%clk 0:37:41]} 16. b3 {[%clk 1:18:01]} bxa3
{[%clk 0:35:50]} 17. Bxa3 {[%clk 1:17:29]} Be4 {[%clk 0:32:50]} 18. Qe2
{[%clk 1:14:12]} d5 {[%clk 0:30:13]} 19. Bxe7 {[%clk 1:14:08]} Qxe7
{[%clk 0:27:43]} 20. c5 {[%clk 1:14:28]} Nd7 {[%clk 0:28:07]} 21. b4
{[%clk 1:14:50]} O-O {[%clk 0:20:07]} 22. bxa5 {[%clk 1:14:32]} Nxc5
{[%clk 0:13:56]} 23. dxc5 {[%clk 1:14:49]} Qxc5+ {[%clk 0:14:24]} 24. Ne3
{[%clk 1:15:00]} Rxa5 {[%clk 0:14:51]} 25. Rxa5 {[%clk 1:13:18]} Qxa5
{[%clk 0:15:20]} 26. Ng4 {[%clk 1:13:10]} Rb8 {[%clk 0:13:33]} 27. Nf2
{[%clk 1:12:17]} Bxf3 {[%clk 0:13:33]} 28. Qxf3 {[%clk 1:12:36]} Qa4
{[%clk 0:11:22]} 29. Qc3 {[%clk 1:12:12]} Qa7 {[%clk 0:09:26]} 30. Ra1
{[%clk 1:12:33]} Qb6 {[%clk 0:09:51]} 31. Rc1 {[%clk 1:09:44]} Rb7
{[%clk 0:07:41]} 32. Bf1 {[%clk 1:09:56]} Bf8 {[%clk 0:07:29]} 33. Qc6
{[%clk 1:09:23]} Qa7 {[%clk 0:07:08]} 34. Rc2 {[%clk 1:09:00]} Bb4
{[%clk 0:04:53]} 35. Kg2 {[%clk 1:08:15]} Ba5 {[%clk 0:04:45]} 36. Ra2
{[%clk 1:02:41]} Rb8 {[%clk 0:00:37]} 37. Ng4 {[%clk 1:02:51]} Kg7
{[%clk 0:00:43]} 38. Qd7 {[%clk 0:59:55]} h5 {[%clk 0:00:50]} 39. Nf6
{[%clk 1:00:12]} Qd4 {[%clk 0:00:43]} 40. Kh3 {[%clk 1:29:33]} Bb6
{[%clk 0:30:40]} 41. Qe7 {[%clk 1:27:00]} Qd1 {[%clk 0:28:45]} 42. Bb5
{[%clk 1:25:27]} c6 {[%clk 0:24:07]} 43. Bxc6 {[%clk 1:24:31]} Bd8
{[%clk 0:18:59]} 44. Qe8 {[%clk 1:14:49]} Bc7 {[%clk 0:18:49]} 45. Qe7
{[%clk 1:12:16]} Bd8 {[%clk 0:16:06]} 46. Qa7 {[%clk 1:11:39]} Qf1+
{[%clk 0:11:45]} 47. Rg2 {[%clk 1:11:44]} Rb2 {[%clk 0:10:54]} 48. Qg1
{[%clk 1:11:29]} Qxg1 {[%clk 0:10:30]} 49. Ne8+ {[%clk 1:11:47]} Kf8
{[%clk 0:08:46]} 50. Rxg1 {[%clk 1:12:14]} g5 {[%clk 0:05:33]} 51. fxg5
{[%clk 1:11:50]} Bxg5 {[%clk 0:05:41]} 52. Rf1 {[%clk 1:11:42]} Rc2
{[%clk 0:03:14]} 53. Bb5 {[%clk 1:11:08]} Ke7 {[%clk 0:02:59]} 54. Nf6
{[%clk 1:11:05]} Rb2 {[%clk 0:00:36]} 55. Bd3 {[%clk 1:11:22]} Be3
{[%clk 0:00:37]} 56. Nxh5 {[%clk 1:10:49]} Bd4 {[%clk 0:00:44]} 57. Re1
{[%clk 1:11:07]} Rd2 {[%clk 0:01:09]} 58. Nf4 {[%clk 1:11:26]} Bc3
{[%clk 0:00:55]} 59. Re2 {[%clk 1:07:31]} Rxe2 {[%clk 0:01:14]} 60. Bxe2
{[%clk 1:07:58]} Bxe5 {[%clk 0:01:36]} 61. Kg4 {[%clk 1:08:26]} Kd6
{[%clk 0:00:43]} 62. Kg5 {[%clk 1:08:46]} Bc3 {[%clk 0:00:39]} 63. Bf3
{[%clk 1:08:48]} Ke5 {[%clk 0:00:36]} 64. Bh5 {[%clk 1:08:54]} f6+
{[%clk 0:00:52]} 65. Kg4 {[%clk 1:09:18]} f5+ {[%clk 0:00:50]} 66. Kg5
{[%clk 1:09:26]} Bd2 {[%clk 0:01:05]} 67. Bd1 {[%clk 1:06:25]} d4
{[%clk 0:00:39]} 68. h4 {[%clk 1:06:35]} Ke4 {[%clk 0:00:41]} 69. Kg6
{[%clk 1:04:56]} e5 {[%clk 0:00:38]} 70. Nh3 {[%clk 1:04:25]} d3 {[%clk 0:00:36]}
71. h5 {[%clk 1:04:46]} f4 {[%clk 0:00:47]} 72. h6 {[%clk 1:05:05]} Kd5 1-0

[Event "Tournament"]
[Site "?"]
[Date "2015.01.08"]
[Round "1.2"]
[White "Petrosyan, Manuel"]
[Black "Baghdasaryan, Vahe"]
[Result "1-0"]
[LiveChessVersion "1.4.4"]
[BlackElo "2372"]
[WhiteElo "2413"]

1. Nf3 {[%clk 1:28:11]} d5 {[%clk 1:25:20]} 2. g3 {[%clk 1:28:24]} Nc6
{[%clk 1:24:19]} 3. d4 {[%clk 1:20:58]} Bg4 {[%clk 1:24:14]} 4. Bg2
{[%clk 1:21:12]} Qd7 {[%clk 1:24:30]} 5. Ne5 {[%clk 1:15:35]} Nxe5
{[%clk 1:21:38]} 6. dxe5 {[%clk 1:15:57]} c6 {[%clk 0:59:06]} 7. h3
{[%clk 1:15:46]} Be6 {[%clk 0:59:13]} 8. Nd2 {[%clk 1:06:06]} f6 {[%clk 0:52:13]}
9. Nf3 {[%clk 1:04:37]} g6 {[%clk 0:46:21]} 10. Bf4 {[%clk 0:58:10]} Nh6
{[%clk 0:39:11]} 11. Nd4 {[%clk 0:40:33]} g5 {[%clk 0:32:23]} 12. Bc1
{[%clk 0:35:18]} fxe5 {[%clk 0:26:26]} 13. Nxe6 {[%clk 0:35:37]} Qxe6
{[%clk 0:26:52]} 14. e4 {[%clk 0:35:30]} d4 {[%clk 0:23:27]} 15. Bxg5
{[%clk 0:34:34]} Nf7 {[%clk 0:15:25]} 16. h4 {[%clk 0:33:13]} Qg6
{[%clk 0:15:43]} 17. Bd2 {[%clk 0:29:27]} O-O-O {[%clk 0:12:54]} 18. Qf3
{[%clk 0:17:33]} Kb8 {[%clk 0:06:53]} 19. Qd3 {[%clk 0:12:58]} Bh6
{[%clk 0:06:32]} 20. Bb4 {[%clk 0:11:04]} Nd6 {[%clk 0:05:14]} 21. O-O
{[%clk 0:11:14]} b6 {[%clk 0:03:27]} 22. c4 {[%clk 0:07:57]} c5 {[%clk 0:02:35]}
23. Ba3 {[%clk 0:07:03]} Rhf8 {[%clk 0:01:34]} 24. b4 {[%clk 0:04:14]} Rxf2
{[%clk 0:01:42]} 25. Rxf2 {[%clk 0:03:22]} Be3 {[%clk 0:02:09]} 26. Bc1
{[%clk 0:02:02]} Bxf2+ {[%clk 0:01:19]} 27. Kxf2 {[%clk 0:02:31]} cxb4
{[%clk 0:01:05]} 28. Kg1 {[%clk 0:01:33]} Rc8 {[%clk 0:01:31]} 29. Bg5
{[%clk 0:01:04]} Rxc4 {[%clk 0:01:11]} 30. Rf1 {[%clk 0:01:04]} Rc3
{[%clk 0:00:53]} 31. Qe2 {[%clk 0:00:40]} Rxg3 {[%clk 0:00:38]} 32. Qf2
{[%clk 0:00:51]} Nxe4 {[%clk 0:00:32]} 33. Qf8+ {[%clk 0:01:20]} Kb7
{[%clk 0:01:02]} 34. Qxe7+ {[%clk 0:01:16]} Ka6 {[%clk 0:01:30]} 35. Qxb4
{[%clk 0:00:47]} Rxg2+ 36. Kxg2 {[%clk 0:01:14]} h6 {[%clk 0:00:33]} 37. Qa4+
{[%clk 0:00:47]} Kb7 {[%clk 0:01:02]} 38. Qd7+ {[%clk 0:01:11]} Ka6
{[%clk 0:01:23]} 39. Rf3 {[%clk 0:00:48]} Nc3 {[%clk 0:01:36]} 40. Qc8+
{[%clk 0:30:45]} Ka5 {[%clk 0:30:33]} 41. Qf5 {[%clk 0:22:48]} Qxf5
{[%clk 0:28:30]} 42. Rxf5 {[%clk 0:23:04]} hxg5 {[%clk 0:29:00]} 43. h5
{[%clk 0:16:27]} d3 {[%clk 0:25:17]} 44. h6 {[%clk 0:15:59]} d2 {[%clk 0:17:59]}
45. Rf1 {[%clk 0:16:15]} d1=Q {[%clk 0:16:59]} 46. Rxd1 {[%clk 0:16:37]} Nxd1
{[%clk 0:17:26]} 47. h7 {[%clk 0:16:34]} Nc3 {[%clk 0:17:50]} 48. h8=Q
{[%clk 0:16:40]} Nxa2 {[%clk 0:18:14]} 49. Qxe5+ {[%clk 0:16:42]} Ka4
{[%clk 0:18:34]} 50. Qc7 {[%clk 0:15:26]} b5 {[%clk 0:18:43]} 51. Qxa7+
{[%clk 0:15:29]} Kb3 {[%clk 0:19:12]} 52. Qf7+ {[%clk 0:15:09]} Ka3
{[%clk 0:19:16]} 53. Qf3+ {[%clk 0:15:19]} Ka4 {[%clk 0:19:12]} 54. Qa8+
{[%clk 0:15:39]} 1-0

[Event "Tournament"]
[Site "?"]
[Date "2015.01.08"]
[Round "1.3"]
[White "Harutyunian, Tigran"]
[Black "Hayrapetyan, Hovik"]
[Result "1/2-1/2"]
[LiveChessVersion "1.4.4"]
[BlackElo "2451"]
[WhiteElo "2439"]

1. c4 {[%clk 1:26:31]} Nf6 {[%clk 1:30:13]} 2. Nc3 {[%clk 1:26:33]} g6
{[%clk 1:27:23]} 3. d4 {[%clk 1:23:21]} d5 {[%clk 1:25:39]} 4. cxd5
{[%clk 1:18:46]} Nxd5 {[%clk 1:25:45]} 5. e4 {[%clk 1:19:07]} Nxc3
{[%clk 1:26:09]} 6. bxc3 {[%clk 1:19:32]} Bg7 {[%clk 1:26:34]} 7. Nf3
{[%clk 1:19:40]} O-O {[%clk 1:24:57]} 8. Be3 {[%clk 1:14:04]} c5 {[%clk 1:25:06]}
9. Be2 {[%clk 1:13:53]} Nc6 {[%clk 1:23:01]} 10. O-O {[%clk 1:13:22]} b6
{[%clk 1:14:45]} 11. Rc1 {[%clk 1:03:56]} Qc7 {[%clk 1:13:33]} 12. d5
{[%clk 1:00:32]} Na5 {[%clk 1:12:48]} 13. c4 {[%clk 0:51:02]} e5 {[%clk 1:09:57]}
14. Nd2 {[%clk 0:49:34]} Nb7 {[%clk 1:08:58]} 15. Qc2 {[%clk 0:45:32]} Nd6
{[%clk 1:06:40]} 16. f4 {[%clk 0:44:55]} Bh6 {[%clk 1:05:52]} 17. g3
{[%clk 0:27:20]} Bh3 {[%clk 1:05:43]} 18. Rf2 {[%clk 0:27:01]} f5
{[%clk 1:03:49]} 19. Bf1 {[%clk 0:18:16]} Bxf1 {[%clk 1:01:01]} 20. Rcxf1
{[%clk 0:18:24]} Rae8 {[%clk 1:01:26]} 21. Qc3 {[%clk 0:13:20]} exf4
{[%clk 1:00:00]} 22. Bxf4 {[%clk 0:13:05]} Bg7 {[%clk 1:00:25]} 23. e5
{[%clk 0:12:24]} Ne4 {[%clk 0:52:47]} 24. Nxe4 {[%clk 0:06:51]} fxe4
{[%clk 0:53:12]} 25. Kh1 {[%clk 0:05:20]} h6 {[%clk 0:48:09]} 26. Qe3
{[%clk 0:01:37]} Bxe5 {[%clk 0:39:40]} 27. Qxe4 {[%clk 0:00:33]} Bxf4
{[%clk 0:40:04]} 28. Qxg6+ {[%clk 0:00:54]} Qg7 {[%clk 0:40:24]} 29. Qxg7+
{[%clk 0:01:06]} Kxg7 {[%clk 0:40:48]} 30. Rxf4 {[%clk 0:00:31]} Rxf4
{[%clk 0:41:04]} 31. Rxf4 {[%clk 0:00:35]} Re2 {[%clk 0:41:29]} 32. a3
{[%clk 0:00:35]} Ra2 {[%clk 0:39:11]} 33. Rf3 {[%clk 0:00:39]} Rc2
{[%clk 0:39:29]} 34. Rf4 {[%clk 0:00:47]} a6 {[%clk 0:39:25]} 35. a4
{[%clk 0:00:38]} Ra2 {[%clk 0:38:08]} 36. Rf1 {[%clk 0:00:37]} Rc2
{[%clk 0:38:16]} 37. Rf4 {[%clk 0:00:33]} Ra2 {[%clk 0:38:33]} 38. Rf1
{[%clk 0:00:58]} Rc2 {[%clk 0:38:56]} 39. Rf4 {[%clk 0:00:34]} 1/2-1/2

[Event "Tournament"]
[Site "?"]
[Date "2015.01.08"]
[Round "1.4"]
[White "Alekseenko, Kirill"]
[Black "Babujian, Levon"]
[Result "1-0"]
[LiveChessVersion "1.4.4"]
[BlackElo "2479"]
[WhiteElo "2499"]

1. e4 {[%clk 1:30:45]} e5 {[%clk 1:30:55]} 2. Nf3 {[%clk 1:30:48]} Nc6
{[%clk 1:31:18]} 3. Bb5 {[%clk 1:30:24]} Nf6 {[%clk 1:31:41]} 4. d3
{[%clk 1:30:16]} Bc5 {[%clk 1:32:03]} 5. Bxc6 {[%clk 1:29:52]} dxc6
{[%clk 1:32:26]} 6. O-O {[%clk 1:29:40]} Bg4 {[%clk 1:29:56]} 7. h3
{[%clk 1:28:56]} Bh5 {[%clk 1:26:48]} 8. g4 {[%clk 1:05:47]} Nxg4
{[%clk 1:26:48]} 9. hxg4 {[%clk 1:05:47]} Bxg4 {[%clk 1:26:48]} 10. Kg2
{[%clk 1:05:47]} O-O {[%clk 1:26:43]} 11. Qe1 {[%clk 0:34:16]} f5
{[%clk 1:14:31]} 12. Nxe5 {[%clk 0:27:59]} Qh4 {[%clk 1:14:14]} 13. Rh1
{[%clk 0:27:22]} Bf3+ {[%clk 1:14:25]} 14. Kxf3 {[%clk 0:24:26]} fxe4+
{[%clk 1:14:44]} 15. Ke2 {[%clk 0:24:49]} exd3+ {[%clk 1:08:43]} 16. cxd3
{[%clk 0:24:42]} Rxf2+ {[%clk 0:58:04]} 17. Kd1 {[%clk 0:25:08]} Qa4+
{[%clk 0:57:28]} 18. b3 {[%clk 0:25:34]} Qd4 {[%clk 0:57:48]} 19. Qe4
{[%clk 0:18:51]} Qxe4 {[%clk 0:57:23]} 20. dxe4 {[%clk 0:19:17]} Bd4
{[%clk 0:57:23]} 21. Nd3 {[%clk 0:19:37]} Rg2 {[%clk 0:57:24]} 22. Ne1
{[%clk 0:12:50]} Rg4 {[%clk 0:57:01]} 23. Nc2 {[%clk 0:12:52]} Bxa1
{[%clk 0:56:59]} 24. Nxa1 {[%clk 0:13:19]} Rxe4 {[%clk 0:57:23]} 25. Nc2
{[%clk 0:13:34]} Rd8+ {[%clk 0:54:18]} 26. Bd2 {[%clk 0:13:45]} c5
{[%clk 0:50:29]} 27. Nc3 {[%clk 0:13:54]} Rg4 {[%clk 0:49:21]} 28. Ne3
{[%clk 0:13:21]} Rgd4 {[%clk 0:48:00]} 29. Rh2 {[%clk 0:13:46]} c6
{[%clk 0:47:12]} 30. Kc2 {[%clk 0:13:33]} g6 {[%clk 0:42:35]} 31. Nc4
{[%clk 0:13:29]} Re8 {[%clk 0:42:58]} 32. Bh6 {[%clk 0:11:41]} b5
{[%clk 0:37:34]} 33. Na5 {[%clk 0:11:32]} b4 {[%clk 0:37:51]} 34. Na4
{[%clk 0:10:13]} Rde4 {[%clk 0:38:02]} 35. Kd3 {[%clk 0:07:00]} Rd4+
{[%clk 0:38:10]} 36. Kc2 {[%clk 0:07:26]} Rde4 {[%clk 0:38:31]} 37. Rh1
{[%clk 0:06:21]} Re2+ {[%clk 0:38:03]} 38. Kd3 {[%clk 0:06:40]} Re1
{[%clk 0:31:28]} 39. Rh2 {[%clk 0:03:33]} Rd1+ {[%clk 0:29:36]} 40. Kc2
{[%clk 0:33:53]} Ra1 {[%clk 0:58:54]} 41. Bc1 {[%clk 0:28:54]} Re1
{[%clk 0:54:47]} 42. Bb2 {[%clk 0:29:13]} Rh1 {[%clk 0:53:14]} 43. Rd2
{[%clk 0:29:15]} Rae1 {[%clk 0:49:22]} 44. Nxc6 {[%clk 0:25:41]} g5
{[%clk 0:49:19]} 45. Nxc5 {[%clk 0:24:54]} g4 {[%clk 0:48:32]} 46. Ne5
{[%clk 0:19:15]} h5 {[%clk 0:48:52]} 47. Ne6 {[%clk 0:16:58]} g3 {[%clk 0:49:06]}
48. Rd8+ {[%clk 0:12:45]} Kh7 {[%clk 0:49:28]} 49. Ng5+ {[%clk 0:11:58]} Kh6
{[%clk 0:49:12]} 50. Rg8 {[%clk 0:11:57]} h4 {[%clk 0:45:43]} 51. Ng4+
{[%clk 0:12:20]} 1-0

[Event "Tournament"]
[Site "?"]
[Date "2015.01.08"]
[Round "1.5"]
[White "Chigaev, Maksim"]
[Black "Martirosyan, Haik"]
[Result "1/2-1/2"]
[LiveChessVersion "1.4.4"]
[BlackElo "2389"]
[WhiteElo "2494"]

1. e4 {[%clk 1:30:56]} c6 {[%clk 1:27:16]} 2. d4 {[%clk 1:31:20]} d5
{[%clk 1:27:38]} 3. e5 {[%clk 1:31:44]} Bf5 {[%clk 1:27:52]} 4. c4
{[%clk 1:32:06]} e6 {[%clk 1:27:15]} 5. Nc3 {[%clk 1:32:18]} Ne7 {[%clk 1:26:35]}
6. Be3 {[%clk 1:30:28]} dxc4 {[%clk 1:24:53]} 7. Bxc4 {[%clk 1:30:45]} Nd7
{[%clk 1:24:53]} 8. Nf3 {[%clk 1:30:23]} Nb6 {[%clk 1:24:07]} 9. Bd3
{[%clk 1:30:45]} Bxd3 {[%clk 1:18:56]} 10. Qxd3 {[%clk 1:31:08]} Nf5
{[%clk 1:18:50]} 11. O-O {[%clk 1:30:47]} Be7 {[%clk 1:18:45]} 12. Rad1
{[%clk 1:27:43]} O-O {[%clk 1:16:32]} 13. Bc1 {[%clk 1:26:04]} Nd5
{[%clk 1:13:20]} 14. Ne4 {[%clk 1:25:30]} Nh4 {[%clk 1:09:47]} 15. Nxh4
{[%clk 1:21:37]} Bxh4 {[%clk 1:10:15]} 16. f4 {[%clk 1:21:28]} f5
{[%clk 1:04:15]} 17. exf6 {[%clk 1:21:29]} Bxf6 {[%clk 1:04:10]} 18. Nc5
{[%clk 1:18:40]} Qc8 {[%clk 1:03:40]} 19. Rfe1 {[%clk 1:14:56]} Re8
{[%clk 1:03:01]} 20. Qh3 {[%clk 1:08:49]} Nc7 {[%clk 1:00:57]} 21. Qb3
{[%clk 0:56:42]} b6 {[%clk 0:57:55]} 22. Ne4 {[%clk 0:56:20]} Qd8
{[%clk 0:55:40]} 23. Nxf6+ {[%clk 0:53:25]} Qxf6 {[%clk 0:52:52]} 24. Qc4
{[%clk 0:53:26]} Nd5 {[%clk 0:48:41]} 25. Qxc6 {[%clk 0:46:56]} Rac8
{[%clk 0:46:47]} 26. Qd7 {[%clk 0:39:02]} Qf7 {[%clk 0:43:18]} 27. Qa4
{[%clk 0:38:09]} Re7 {[%clk 0:38:52]} 28. Re5 {[%clk 0:31:40]} Rec7
{[%clk 0:37:14]} 29. Bd2 {[%clk 0:31:35]} Rc4 {[%clk 0:30:18]} 30. Qa6
{[%clk 0:25:30]} Qd7 {[%clk 0:29:52]} 31. Rde1 {[%clk 0:11:43]} Rxd4
{[%clk 0:25:38]} 32. Bc3 {[%clk 0:09:22]} 1/2-1/2

[Event "Tournament"]
[Site "?"]
[Date "2015.01.09"]
[Round "2.1"]
[White "Matviishen, Viktor"]
[Black "Martirosyan, Haik"]
[Result "0-1"]
[WhiteElo "2364"]
[BlackElo "2389"]
[PlyCount "88"]
[EventDate "2015.??.??"]

1. d4 Nf6 2. c4 e6 3. Nf3 b6 4. a3 Bb7 5. Nc3 d5 6. Qa4+ Qd7 7. cxd5 Qxa4 8.
Nxa4 Bxd5 9. Nc3 Bb7 10. Nb5 Bd6 11. Bd2 Nc6 12. Rc1 a6 13. Nxd6+ cxd6 14. Bf4
Ke7 15. e3 Rhc8 16. Be2 Na5 17. O-O Nb3 18. Rxc8 Rxc8 19. Bd3 Nc1 20. Ne1 h6
21. Bg3 Nxd3 22. Nxd3 Rc2 23. Rc1 Rd2 24. Ne1 Kd7 25. Rc2 Rd1 26. f3 a5 27. Kf2
Ba6 28. h4 a4 29. e4 Rxd4 30. Ke3 e5 31. Rd2 Rxd2 32. Kxd2 Ke6 33. Bf2 Nd7 34.
Nc2 Nc5 35. Kc3 f5 36. exf5+ Kxf5 37. Ne3+ Ke6 38. Nc2 d5 39. Ne1 d4+ 40. Kd2
Kd5 41. Bg1 Bf1 42. g4 Nb3+ 43. Kc2 Kc4 44. Kd1 d3 0-1

[Event "Tournament"]
[Site "?"]
[Date "2015.01.09"]
[Round "2.2"]
[White "Babujian, Levon"]
[Black "Chigaev, Maksim"]
[Result "0-1"]
[WhiteElo "2479"]
[BlackElo "2494"]
[PlyCount "128"]
[EventDate "2015.??.??"]

1. d4 Nf6 2. c4 g6 3. Nc3 d5 4. cxd5 Nxd5 5. e4 Nxc3 6. bxc3 Bg7 7. Nf3 c5 8.
Rb1 O-O 9. Be2 b6 10. O-O Bb7 11. Qd3 e6 12. Bg5 Qc7 13. Qe3 Nd7 14. Bf4 e5 15.
Bg3 Rae8 16. d5 f5 17. exf5 gxf5 18. Bc4 Qd6 19. Qe2 f4 20. Bh4 e4 21. Ng5 f3
22. Qe3 fxg2 23. Rfd1 Ne5 24. Bb5 h6 25. Nxe4 Qg6 26. Bxe8 Rxe8 27. Bg3 Nc4 28.
Qd3 Qxe4 29. Qxe4 Rxe4 30. d6 Bf6 31. d7 Bd8 32. Re1 Kf7 33. Rxe4 Bxe4 34. Re1
Nd2 35. Re3 h5 36. h4 Kg6 37. Bf4 Nf3+ 38. Kxg2 Nxh4+ 39. Kf1 Kf5 40. Bb8 Nf3
41. Bxa7 Ne5 42. Bb8 Nxd7 43. Bd6 Bg5 44. Rh3 h4 45. c4 Ne5 46. Bxe5 Kxe5 47.
Rb3 Bd8 48. f3 Bf5 49. Re3+ Kd6 50. f4 Be6 51. Rd3+ Kc7 52. Rc3 Bf6 53. Rc2 Bf5
54. Rd2 h3 55. a4 Be4 56. Kg1 Bg2 57. Re2 Kd7 58. Kh2 Be7 59. Rf2 Bd6 60. Kg3
Ke6 61. Rb2 Bc7 62. Rb5 Kf5 63. a5 Bxf4+ 64. Kf2 Bc6 0-1

[Event "Tournament"]
[Site "?"]
[Date "2015.01.09"]
[Round "2.3"]
[White "Hayrapetyan, Hovik"]
[Black "Alekseenko, Kirill"]
[Result "0-1"]
[WhiteElo "2451"]
[BlackElo "2499"]
[PlyCount "82"]
[EventDate "2015.??.??"]

1. d4 Nf6 2. c4 e6 3. Nf3 Bb4+ 4. Bd2 Qe7 5. e3 Bxd2+ 6. Qxd2 d6 7. Nc3 e5 8.
Qc2 Bg4 9. dxe5 dxe5 10. Be2 c6 11. h3 Bxf3 12. Bxf3 O-O 13. g4 Na6 14. a3 Nc5
15. g5 Ne8 16. Rg1 Rd8 17. Rd1 Rxd1+ 18. Kxd1 Nd6 19. b4 Ne6 20. c5 Nc4 21. Nb1
Nxg5 22. Rxg5 Nxe3+ 23. fxe3 Qxg5 24. Qe2 f5 25. Qf2 f4 26. e4 Qg3 27. Qxg3
fxg3 28. Nd2 g5 29. Ke1 h5 30. Bg2 Rf2 31. Bf1 Kg7 32. Nc4 Ra2 33. Ne3 Kg6 34.
Bg2 h4 35. Kf1 Kf6 36. Nc4 Ke6 37. Na5 Rxa3 38. Nxb7 Ra1+ 39. Ke2 Rb1 40. Nd8+
Kd7 41. Nf7 Rb2+ 0-1

[Event "Tournament"]
[Site "?"]
[Date "2015.01.09"]
[Round "2.4"]
[White "Baghdasaryan, Vahe"]
[Black "Harutyunian, Tigran"]
[Result "1/2-1/2"]
[WhiteElo "2372"]
[BlackElo "2439"]
[PlyCount "119"]
[EventDate "2015.??.??"]

1. e4 e5 2. Nf3 Nc6 3. Nc3 Nf6 4. d4 exd4 5. Nxd4 Bb4 6. Nxc6 bxc6 7. Bd3 d5 8.
exd5 O-O 9. O-O cxd5 10. h3 Re8 11. Qf3 c6 12. Bg5 Rb8 13. Ne2 Bd6 14. Nd4 Bd7
15. Rae1 Be5 16. Nf5 Bxf5 17. Qxf5 g6 18. Qf3 Kg7 19. b3 Qd6 20. c4 h6 21. c5
Qc7 22. Bc1 Nd7 23. b4 Re6 24. Qg4 h5 25. Qg5 Rbe8 26. Kh1 Kg8 27. f4 Bf6 28.
Rxe6 Rxe6 29. Qg3 Bg7 30. Qh4 f5 31. g4 hxg4 32. hxg4 Nf8 33. Rg1 fxg4 34. Qxg4
Bd4 35. Rd1 Qg7 36. f5 gxf5 37. Bxf5 Qxg4 38. Bxg4 Re4 39. Bf3 Rh4+ 40. Kg2 Be5
41. b5 cxb5 42. Bxd5+ Kg7 43. Kf3 Ng6 44. c6 Kf6 45. Rf1 Ne7 46. Kg2+ Nf5 47.
Re1 Rh2+ 48. Kg1 Rc2 49. Bg5+ Kxg5 50. Rxe5 Kf4 51. Re8 Rc5 52. Bg2 Nh4 53. Bh1
Ng6 54. Kf2 Rc2+ 55. Re2 Rc1 56. Re1 Rc2+ 57. Re2 Rc1 58. Re1 Rc2+ 59. Re2 Rc1
60. Re1 1/2-1/2

[Event "Tournament"]
[Site "?"]
[Date "2015.01.09"]
[Round "2.5"]
[White "Bernadskiy, Vitaliy"]
[Black "Petrosyan, Manuel"]
[Result "0-1"]
[WhiteElo "2556"]
[BlackElo "2413"]
[PlyCount "92"]
[EventDate "2015.??.??"]

1. Nf3 Nf6 2. g3 d5 3. Bg2 c6 4. d3 Bg4 5. h3 Bh5 6. b3 Nbd7 7. Bb2 Qc7 8. Nbd2
e5 9. Nh4 Bc5 10. g4 Bg6 11. e3 a5 12. a3 Bd6 13. O-O O-O 14. Kh1 Nc5 15. Ndf3
Nfd7 16. d4 exd4 17. Qxd4 Ne6 18. Qc3 Be7 19. Nxg6 hxg6 20. g5 Ndc5 21. h4 Ne4
22. Qd3 Rfe8 23. c4 N6c5 24. Qc2 dxc4 25. Qxc4 Bf8 26. b4 axb4 27. axb4 Rxa1
28. Bxa1 Nd7 29. Kg1 Qd6 30. Rb1 Nb6 31. Qc2 Nd5 32. b5 Nb4 33. Qb3 Nd3 34. Rf1
c5 35. h5 gxh5 36. g6 Re6 37. gxf7+ Kh8 38. Qc4 b6 39. Rd1 Nexf2 40. Rd2 Re4
41. Qc3 Qg3 42. Qc2 Nh3+ 43. Kh1 Ndf2+ 44. Rxf2 Nxf2+ 45. Kg1 Nh3+ 46. Kh1 Rg4
0-1

[Event "Tournament"]
[Site "?"]
[Date "2015.01.10"]
[Round "3.1"]
[White "Petrosyan, Manuel"]
[Black "Matviishen, Viktor"]
[Result "1/2-1/2"]
[WhiteElo "2413"]
[BlackElo "2364"]
[PlyCount "93"]
[EventDate "2015.??.??"]

1. Nf3 Nf6 2. c4 e6 3. g3 b6 4. Bg2 Bb7 5. O-O Be7 6. Nc3 O-O 7. Re1 d5 8. cxd5
Nxd5 9. e4 Nxc3 10. bxc3 c5 11. d4 cxd4 12. cxd4 Nd7 13. Rb1 Rc8 14. Bf4 Nf6
15. Ne5 Rc3 16. Rb2 Qa8 17. Bg5 Rc7 18. Rc2 Rxc2 19. Qxc2 Rc8 20. Qd3 h6 21.
Bd2 Rd8 22. Qe3 Qb8 23. Bc3 Qc7 24. Rc1 Rc8 25. Bb2 Qd8 26. f3 Rc7 27. Bf1 Qc8
28. Rxc7 Qxc7 29. Qc3 Qxc3 30. Bxc3 Ne8 31. Bb5 Nc7 32. Bc6 Ba6 33. Kf2 f6 34.
Ng4 Kf7 35. Ne3 Bb5 36. Bxb5 Nxb5 37. Bb2 Bb4 38. Nd1 Nd6 39. Ke2 Nc4 40. Bc3
Bd6 41. Kd3 b5 42. a4 a6 43. axb5 axb5 44. Be1 e5 45. Nc3 exd4 46. Nxb5 Ne5+
47. Kxd4 1/2-1/2

[Event "Tournament"]
[Site "?"]
[Date "2015.01.10"]
[Round "3.2"]
[White "Harutyunian, Tigran"]
[Black "Bernadskiy, Vitaliy"]
[Result "1-0"]
[WhiteElo "2439"]
[BlackElo "2556"]
[PlyCount "95"]
[EventDate "2015.??.??"]

1. Nf3 g6 2. d4 Bg7 3. e4 c5 4. d5 d6 5. Nc3 Nf6 6. Bb5+ Nbd7 7. a4 O-O 8. O-O
Ne8 9. Re1 Nc7 10. Bf4 Nxb5 11. axb5 Nb6 12. Qd3 a6 13. bxa6 bxa6 14. b3 Bb7
15. Rad1 Rc8 16. Qe3 Bxc3 17. Qxc3 f6 18. Bh6 Rf7 19. Nd2 Qd7 20. Qa5 Qc7 21.
Nc4 Nxc4 22. Qxc7 Rxc7 23. bxc4 g5 24. Rd3 Bc8 25. h4 f5 26. e5 gxh4 27. exd6
Rd7 28. Rde3 Rxd6 29. Bf4 Rd7 30. d6 Kf8 31. Bg5 Ke8 32. Bxe7 Rb7 33. Bxh4+ Kd7
34. Re8 Rb8 35. Rd8+ Kc6 36. Re7 Rxe7 37. dxe7 Rb1+ 38. Kh2 Bd7 39. e8=Q Bxe8
40. Rxe8 Rc1 41. Re6+ Kb7 42. Re5 Rxc2 43. Rxc5 f4 44. f3 Kb6 45. Rc8 a5 46.
Bd8+ Kb7 47. Rc7+ Kb8 48. Rxh7 1-0

[Event "Tournament"]
[Site "?"]
[Date "2015.01.10"]
[Round "3.3"]
[White "Alekseenko, Kirill"]
[Black "Baghdasaryan, Vahe"]
[Result "1-0"]
[WhiteElo "2499"]
[BlackElo "2372"]
[PlyCount "65"]
[EventDate "2015.??.??"]

1. e4 c5 2. Nf3 e6 3. d4 cxd4 4. Nxd4 Nc6 5. Nxc6 bxc6 6. Bd3 d5 7. O-O Qc7 8.
c4 dxe4 9. Bxe4 f5 10. Bf4 Qb6 11. Bf3 Nf6 12. Nc3 Be7 13. c5 Qxc5 14. Be3 Qc4
15. Rc1 O-O 16. Nd5 Qxf1+ 17. Qxf1 cxd5 18. Bd4 Bd7 19. Qa6 Rfc8 20. Rxc8+ Rxc8
21. g3 Rc4 22. Be5 Bc5 23. Qb7 Bc6 24. Qb8+ Kf7 25. Bc3 Nd7 26. Qh8 Nf6 27. Qb8
Nd7 28. Qc8 Bd4 29. Be2 Ne5 30. Bxd4 Rxd4 31. Qc7+ Kf6 32. f4 Bb5 33. Qxe5+ 1-0

[Event "Tournament"]
[Site "?"]
[Date "2015.01.10"]
[Round "3.4"]
[White "Chigaev, Maksim"]
[Black "Hayrapetyan, Hovik"]
[Result "0-1"]
[WhiteElo "2494"]
[BlackElo "2451"]
[PlyCount "54"]
[EventDate "2015.??.??"]

1. e4 c5 2. Nf3 e6 3. d4 cxd4 4. Nxd4 a6 5. Nc3 Qc7 6. Qf3 Nc6 7. Be3 Nf6 8.
O-O-O b5 9. Nxc6 Qxc6 10. Nd5 exd5 11. exd5 Qb7 12. Qg3 d6 13. Bg5 Be7 14. Bd3
Qxd5 15. Rhe1 Be6 16. f4 Nh5 17. Qh4 Nxf4 18. Bxe7 Nxg2 19. Qb4 Nxe1 20. Be4
Nxc2 21. Bxc2 Qc4 22. Qxd6 Rc8 23. Rd2 Qf1+ 24. Rd1 Qe2 25. Rd2 Rxc2+ 26. Kxc2
Bf5+ 27. Kc1 Qc4+ 0-1